| 000 | 00558nam a2200193 a 4500 | ||
|---|---|---|---|
| 001 | 5941 | ||
| 003 | CDMR | ||
| 005 | 20130515101653.0 | ||
| 008 | 130220s1997||||||||||||||||||||||||||||d | ||
| 020 | _a8475965407 | ||
| 040 |
_aCDMR _bcat _cCDMR |
||
| 100 | 1 |
_aVázquez Montalbán, Manuel _9766 |
|
| 245 | 1 | 0 |
_aElogis desmesurats _cManuel Vázquez Montalbán |
| 260 |
_aBarcelona _bEmpúries _c1997 |
||
| 300 |
_a171 p ; _c15 cm |
||
| 490 | 0 |
_aBiblioteca universal Empúries _v100 |
|
| 600 | 1 |
_9766 _aVázquez Montalbán, Manuel _vRecull d'escrits |
|
| 942 |
_cMON _2udc |
||
| 999 |
_c5941 _d5941 |
||